<?xml version="1.0" encoding="UTF-8"?>
<record
    xmlns:xsi="http://www.w3.org/2001/XMLSchema-instance"
    xsi:schemaLocation="http://www.loc.gov/MARC21/slim http://www.loc.gov/standards/marcxml/schema/MARC21slim.xsd"
    xmlns="http://www.loc.gov/MARC21/slim">

  <leader>02629nam a2200313 a 4500</leader>
  <controlfield tag="001">000037620</controlfield>
  <controlfield tag="003"> </controlfield>
  <controlfield tag="005">20260303111707.0</controlfield>
  <controlfield tag="007">ta</controlfield>
  <controlfield tag="008">121008s2010    dr            000 0 spa d</controlfield>
  <datafield tag="020" ind1=" " ind2=" ">
    <subfield code="a">9789945460674</subfield>
  </datafield>
  <datafield tag="040" ind1=" " ind2=" ">
    <subfield code="a">BPMSU</subfield>
    <subfield code="b">spa</subfield>
    <subfield code="c">BPMSU</subfield>
  </datafield>
  <datafield tag="082" ind1="0" ind2="4">
    <subfield code="a">RD860.3</subfield>
    <subfield code="b">A676d 2010</subfield>
    <subfield code="2">22</subfield>
  </datafield>
  <datafield tag="100" ind1="1" ind2=" ">
    <subfield code="a">Ardav&#xED;n Trabanco, Carlos X.</subfield>
  </datafield>
  <datafield tag="245" ind1="1" ind2="0">
    <subfield code="a">Diccionario personal de literatura dominicana /</subfield>
    <subfield code="c">Carlos X. Ardav&#xED;n Trabanco.</subfield>
  </datafield>
  <datafield tag="260" ind1=" " ind2=" ">
    <subfield code="a">Santo Domingo :</subfield>
    <subfield code="b">Santuario,</subfield>
    <subfield code="c">2010.</subfield>
  </datafield>
  <datafield tag="300" ind1=" " ind2=" ">
    <subfield code="a">156 p. ;</subfield>
    <subfield code="c">23 cm.</subfield>
  </datafield>
  <datafield tag="490" ind1="0" ind2=" ">
    <subfield code="a">Santuario</subfield>
  </datafield>
  <datafield tag="500" ind1=" " ind2=" ">
    <subfield code="a">Incluye datos biogr&#xE1;ficos del autor en las solapas</subfield>
  </datafield>
  <datafield tag="505" ind1="0" ind2=" ">
    <subfield code="a">Nota preliminar, 9 / Jos&#xE9; Alc&#xE1;ntara Alm&#xE1;nzar, 11 / Joaqu&#xED;n Balaguer, 13 / Juan Daniel Balc&#xE1;cer, 15 / Le&#xF3;n F&#xE9;lix Batista, 17 / Osvaldo Bazil, 19 / Basilio Belliard, 21 / Juan Bosch, 23 / Luis O. Brea Franco, 25 / Manuel del Cabral, 27 / A&#xED;da Cartagena Portalat&#xED;n, 29 / Di&#xF3;genes C&#xE9;spedes, 31 / Tulio Manuel Cestero, 33 / Plinio Chah&#xED;n, 35 / Miguel Collado, 37 / Francisco Comarazamy, 39 / Le&#xF3;n David, 41 / Virgilio D&#xED;az Grull&#xF3;n, 43 / Juan Pablo Duarte, 45 / Carlos Francisco El&#xED;as, 47 / Antonio Fern&#xE1;ndez Spencer, 49 / Alex Ferreras, 55 / Fabio Fiallo, 57 / Ram&#xF3;n A. Font Bernard, 59 / Miguel &#xC1;ngel Forner&#xED;n, 61 / Jos&#xE9; Enrique Garc&#xED;a, 63 / Eugenio Garc&#xED;a Cuevas, 65 / Freddy Gat&#xF3;n Arce, 67 / C&#xE1;ndido Ger&#xF3;n, 69 / Alexis G&#xF3;mez Rosa, 71 / Federico Henr&#xED;quez Gratereaux, 73 / Camila Henr&#xED;quez Ure&#xF1;a, 75 / Max Henr&#xED;quez Ure&#xF1;a, 77 / Pedro Henr&#xED;quez Ure&#xF1;a, 79 / Taty Hern&#xE1;ndez Rueda, 83 / Orlando Inoa, 85 / Norberto James, 87 / Dionisio de Jes&#xFA;s, 89 / Jos&#xE9; Rafael Lantigua, 91 / Mariano Lebr&#xF3;n Savi&#xF1;&#xF3;n, 93 / Am&#xE9;rico Lugo, 95 / Jos&#xE9; M&#xE1;rmol, 97 / Andr&#xE9;s L. Mateo, 99 / Miguel D. Mena, 101 / Franklin Mieses Burgos, 103 / Jeannette Mir, 107 / Manuel Mora Serrano, 109 / Domingo Moreno Jim&#xE9;nez, 111 / Mateo Morrison, 113 / Frank Moya Pons, 115 / Manuel N&#xFA;&#xF1;ez, 117 / Germ&#xE1;n Emilio Ornes, 121 / Pedro Peix, 123 / Giovanni Di Pietrol, 125 / Tony Raful, 127 / Emilio Rodr&#xED;guez Demorizi, 129 / Ren&#xE9; Rodr&#xED;guez Soriano, 131 / Bruno Rosario Candelier, 133 / Enriquillo S&#xE1;nchez, 135 / M&#xE9;dar Serrata, 137 / Rosa Silverio, 139 / Mar&#xED;a Ugarte, 141 / Salom&#xE9; Ure&#xF1;a de Henr&#xED;quez, 143 / Marcio Veloz Maggiolo, 145 / Pedro Verg&#xE9;s, 147</subfield>
  </datafield>
  <datafield tag="590" ind1=" " ind2=" ">
    <subfield code="a">Inventariado, 2025/VM</subfield>
  </datafield>
  <datafield tag="650" ind1=" " ind2="4">
    <subfield code="a">Autores dominicanos </subfield>
    <subfield code="x">Cr&#xED;tica e interpretaci&#xF3;n </subfield>
    <subfield code="y">Diccionarios </subfield>
  </datafield>
  <datafield tag="650" ind1=" " ind2="4">
    <subfield code="a">Literatura dominicana </subfield>
    <subfield code="v">Diccionarios </subfield>
  </datafield>
  <datafield tag="910" ind1=" " ind2=" ">
    <subfield code="a">VMateo V. Control de calidad BPMSU </subfield>
  </datafield>
  <datafield tag="930" ind1=" " ind2="1">
    <subfield code="l"> </subfield>
    <subfield code="m"> </subfield>
    <subfield code="8"> </subfield>
    <subfield code="f"> </subfield>
    <subfield code="p"> </subfield>
    <subfield code="g"> </subfield>
  </datafield>
  <datafield tag="942" ind1=" " ind2=" ">
    <subfield code="2">ddc</subfield>
    <subfield code="c">BK</subfield>
  </datafield>
  <datafield tag="952" ind1=" " ind2=" ">
    <subfield code="0">0</subfield>
    <subfield code="1">0</subfield>
    <subfield code="2">ddc</subfield>
    <subfield code="4">0</subfield>
    <subfield code="7">0</subfield>
    <subfield code="8">CD</subfield>
    <subfield code="a">BPMET</subfield>
    <subfield code="b">BPMET</subfield>
    <subfield code="d">2014-07-16</subfield>
    <subfield code="l">0</subfield>
    <subfield code="o">BPMSU CDR RD860.3 A676d 2010</subfield>
    <subfield code="p">BPMSU15040629</subfield>
    <subfield code="r">2014-07-16</subfield>
    <subfield code="w">2014-07-16</subfield>
    <subfield code="y">BK</subfield>
  </datafield>
  <datafield tag="952" ind1=" " ind2=" ">
    <subfield code="0">0</subfield>
    <subfield code="1">0</subfield>
    <subfield code="2">ddc</subfield>
    <subfield code="4">0</subfield>
    <subfield code="7">0</subfield>
    <subfield code="8">CD</subfield>
    <subfield code="a">BPMET</subfield>
    <subfield code="b">BPMET</subfield>
    <subfield code="d">2017-11-07</subfield>
    <subfield code="l">0</subfield>
    <subfield code="o">R RD860.3 A676d</subfield>
    <subfield code="p">BPMSU17110057</subfield>
    <subfield code="r">2017-11-07</subfield>
    <subfield code="t">e. 2</subfield>
    <subfield code="w">2017-11-07</subfield>
    <subfield code="y">BK</subfield>
  </datafield>
  <datafield tag="956" ind1=" " ind2=" ">
    <subfield code="a"> </subfield>
    <subfield code="b"> </subfield>
    <subfield code="c"> </subfield>
    <subfield code="l"> </subfield>
    <subfield code="h"> </subfield>
  </datafield>
  <datafield tag="956" ind1=" " ind2=" ">
    <subfield code="a"> </subfield>
    <subfield code="b"> </subfield>
    <subfield code="c"> </subfield>
    <subfield code="l"> </subfield>
    <subfield code="h"> </subfield>
  </datafield>
  <datafield tag="999" ind1=" " ind2=" ">
    <subfield code="c">7189</subfield>
    <subfield code="d">7189</subfield>
  </datafield>
</record>
